Vista normal
Vista MARC
Entrada Personal Name
Número de registros utilizados en: 1
001 - CONTROL NUMBER
- control field: 24592
003 - CONTROL NUMBER IDENTIFIER
- control field: OSt
005 - DATE AND TIME OF LATEST TRANSACTION
- control field: 20230915231116.0
008 - FIXED-LENGTH DATA ELEMENTS
- fixed length control field: 230915|| aca||aabn | a|a d
040 ## - CATALOGING SOURCE
- Original cataloging agency: OSt
- Transcribing agency: OSt
100 ## - HEADING--PERSONAL NAME
- Personal name: Rueda, Lope de ; Cervantes Saavedra, Miguel de; Alvarez Quintero, Carmen
670 ## - SOURCE DATA FOUND
- Source citation: Work cat.: (OSt)26855: Rueda, Lope de ; Cervantes Saavedra, Miguel de; Alvarez Quintero, Carmen, De pasos y entremeses, Everest